000 00614nam a2200193Ia 4500
005 20250326141029.0
008 250326s9999 xx 000 0 und d
020 _a0-7619-9289-8
037 _aTextbook
040 _aFMSL
_beng
_cFMSL
041 _aeng
_2eng
084 _aX:89ZB(Y31).4452 N9
_qFMSL
100 _aLieten G K
_9304997
245 0 _aUnegual partners: power relations, devolution and development in Uttar Pradesh
_cLieten G K; Srivastava R
260 _aNew Delhi
_bNew Delhi, Sage
_c1999
300 _a297p
942 _cTB
_hX:89ZB(Y31).4452 N9
999 _c1288373
_d1288373